| 000 | 01629nam a2200265 i 4500 | ||
|---|---|---|---|
| 001 | 183442 | ||
| 003 | ES-MaACL | ||
| 005 | 20250807122729.0 | ||
| 008 | 140422s1892 it |||| | ita d | ||
| 100 | 1 |
_aBrunialti, Attilio. _932183 |
|
| 245 | 1 | 3 |
_aLo stato e la Chiesa in Italia _b: prefazione / _cA. Brunialti. La chiesa e lo stato dopo la Rivoluzione francese / F. Laurent. La Chiesa e lo stato nella Costituzione belga / Alberto Nyssens. Chiesa e Stato negli Stati Uniti, ovvero l'idea americana della libertà religiosa ed i suoi effetti pratici / Filippo Schaff . Stato e Chiesa / W. C. Knitschky. Esposizione generale delle relazioni fra lo Stato e la Chiesa / Hinschius. Chiesa e Stato considerati giuridicamente / Lodovico de Hammerstein . La libertà di coscienza / G. Simon. |
| 260 |
_aTorino : _bUnione Tipografico-Editrice, _c1892. |
||
| 300 |
_aCCCXXX, 1391 p. ; _c24 cm. |
||
| 490 | 1 |
_aBiblioteca di scienze politiche: scelta collezione delle più importanti opere moderne italiane e straniere dei scienze politiche / diretta de Attilio Brunialti ; _v8 |
|
| 700 | 1 |
_aLaurent, François, _d1810-1887 _9128741 |
|
| 700 | 1 |
_aNyssens, Albert. _9154769 |
|
| 700 | 1 |
_aSchäff, Philipp. _9154770 |
|
| 700 | 1 |
_aKnitschky, W. C. _9154771 |
|
| 700 | 1 |
_aHinschius, Paul. _9154772 |
|
| 700 | 1 |
_aHammerstein, Ludwing de. _9154773 |
|
| 700 | 1 |
_aSimon, G. _9154774 |
|
| 830 | 0 |
_aBiblioteca di scienze politiche: scelta collezione delle più importanti opere moderne italiane e straniere dei scienze politiche / diretta de Attilio Brunialti ; _v8 _9224984 |
|
| 852 |
_aES-MaACL _jB-9322 |
||
| 999 |
_c183442 _d183442 |
||